000 00301nam a2200121Ia 4500
008 180117s9999 xx 000 0 und d
100 _aby Beth Day Romulo
245 _aAnother Day
260 _c2016
300 _a24-25 pages, 2016 January 24
440 _aPhilippine Panorama
650 _aEXERCISED
999 _c353341
_d353341